Sports Quiz

Random Sports or NHL Quiz

Top 5 Scorers of all time NHL teams Quiz Stats

Quiz not verified by Sporcle

Challenge
Share
Tweet
Embed
Score 0/170 Timer 15:00
0 Plays Today
points name % Correct
557Ilya Kovalchuk
93.9%
91.7%
1012Phil Esposito
90.7%
89.2%
851Jarome Iginla
88.5%
1048Peter Stastny
87.9%
722Brian Bellows
87.4%
1175Ron Francis
87.3%
85.7%
181Dany Heatley
84.6%
355Rick Nash
83.5%
83.2%
1073Bernie Federko
83%
1641Joe Sakic
82.7%
898Rick Middleton
82.6%
616Joe Nieuwendyk
82.6%
1246Guy Lafleur
81.5%
80.8%
80.4%
1079Jarimor Jagr
78.8%
1353Bryan Trottier
78.3%
303Martin Erat
78.3%
1153Bobby Hull
78.2%
78%
77.9%
77.9%
77.9%
669Paul Coffey
77.4%
1210Bobby Clarke
77.2%
478Pavel Bure
77.2%
1467Stan Mikita
76.9%
755Peter Forsberg
76.9%
706Patrik Elias
76.5%
804Dave Andreychuk
76%
848Brian Propp
75.4%
520Kirk Muller
75.4%
1339Johnny Bucyk
75%
657Milan Hejduk
75%
1506Ray Bourque
74.4%
184Mikko Koivu
74.3%
1021Rod Gilbert
74.1%
936Brett Hull
73.8%
317David Vyborny
73.6%
756Markus Naslund
73.2%
248Marrian Hossa
73%
266Rob Niedermayer
72.5%
243Andy McDonald
72.2%
636Rick Kehoe
71.7%
196Marc Savard
71.6%
918Wayne Gretzky
71.3%
695Rick Martin
71%
71%
454Rod Brind'Amour
70.3%
883Bill Barber
70.3%
768Borje Salming
69.5%
69.4%
558Phil Housley
67.7%
points name % Correct
476Scott Niedermayer
66.9%
981Brian Leetch
66.7%
300Brian Bradley
66.6%
555Bengt Gustaffson
66.2%
64.7%
713George Armstrong
64.7%
921Daniel Alfredsson
64.7%
202Brian Rolston
64.7%
945Michel Goulet
64.5%
437Marian Gaborik
64.1%
1052Dennis Potvin
63.9%
701John MacLean
63.4%
410Wade Redden
63.3%
830Theoren Fleury
60.4%
906Glenn Anderson
60.4%
565Martin St. Louis
59.8%
965Maurice Richard
59.3%
1307Marcel Dionne
58.1%
1046Henri Richard
57.8%
636Brian Sutter
57.1%
1809Gordie Howe
57%
56.7%
554Bobby Smith
56%
691Mark Messier
55.3%
565Gary Suter
55.3%
697Rick MacLeish
54.8%
825Peter Bondra
54.5%
1096Denis Savard
53.5%
354Scott Mellanby
53.2%
390Slava Kozlov
52%
575Gary Unger
50.1%
399Radek Bonk
49.8%
270Ryan Getzlaf
49.8%
1126Mike Bossy
49.5%
168Geoff Sanderson
48%
758Bernie Nicholls
47.9%
822Al MacInnis
47.1%
419Oli Jokinen
46.5%
613Ron Francis
46.2%
1154Luc Robitialle
45.5%
1043Jari Kurri
45.4%
369David Legwand
43.6%
817Jean Ratelle
43.2%
1034Mark Messier
42.4%
550Thomas Gradin
42.4%
669Vincent Lecavalier
41%
290Robert Svehla
40%
883Larry Robinson
39.4%
1755Steve Yzerman
39.1%
1326Gilbert Perreault
38.6%
987Mats Sundin
38.3%
673Stan Smyl
38.1%
745Teemu Selanne
37.8%
659Eric Lindros
37.5%
672Craig Ramsay
37.4%
1219Jean Beliveau
37.2%
1669Wayne Gretzky
36.1%
points name % Correct
867Neal Broten
35.3%
817Thomas Steen
35.3%
669Paul Kariya
35.2%
34.4%
733Trevor Linden
34.1%
33.6%
916Daryl Sittler
33.4%
489Brad Richards
32.2%
181Nikolai Zherdev
31.1%
663Clark Gillies
30.9%
403Pat Verbeek
30.6%
491Alexei Yashin
29.5%
29%
599Michal Pivonka
28.7%
267Pierre Marc Bouchard
27.6%
493Pavol Demitra
27.3%
27.2%
610Brent Sutter
27.2%
888Bobby Orr
26.8%
418Jason Spezza
26.4%
1723Mario Lemieux
25.9%
25.9%
779Doug Wilson
24.8%
651Dino Ciccareli
24.6%
1329Mike Modano
24.3%
789 Mike Gartner
24%
301Kimmo Timmonen
24%
603Jean Pronovost
23.9%
470Bobby Holik
23.9%
544Kevin Dineen
22.6%
929Dale Hawerchuk
22.6%
729Andy Bathgate
22.3%
314Vaclav Prospal
22.1%
22%
238Greg Johnson
22%
858Dave Keon
20.3%
1069Dave Taylor
20.3%
923Steve Larmer
19.8%
997Niklas Lidstrom
19.3%
954Sergei Federo
19.2%
145Manny Malhotra
18.7%
416Jeff O'Neill
16.6%
1281Alex Delvecchio
15.4%
609Patrick Marleau
15.2%
291Viktor Kozlov
14.9%
387Joe Thornton
14.9%
214Andrew Brunette
13.5%
623Shane Doan
12.9%
623Keith Tkachuk
12.1%
451Owen Nolan
12.1%
432Steve Rucchin
11.9%
556Dale Hunter
9.3%
247Scott Walker
9.1%
291Jonathan Cheechoo
7.4%
534Teppo Numminen
3.8%
350Jeff Friesen
3.5%

You're not logged in!

Compare scores with friends on all Sporcle quizzes.
Sign Up with Email
OR
Log In

You Might Also Like...

Show Comments

Extras

Top Quizzes Today


Score Distribution

Your Account Isn't Verified!

In order to create a playlist on Sporcle, you need to verify the email address you used during registration. Go to your Sporcle Settings to finish the process.